000 00666nam a2200229Ia 4500
003 OSt
005 20220918183319.0
006 a|||||r|||| 00| 0
007 ta
008 220917b |||||||| |||| 00| 0 eng d
024 _a37,281
037 _cTextual
040 _aARTS
_cARTS
_beng
041 _2eng
_aeng
082 _aO13:1:9x1:9, E0;K7 (EO)
100 _aAristotle
_952557
245 0 _aArt of poetry
_b a Greek view of poetry and drama ed by W Hamilton Fyre
260 _aOxford
_bClarendon Press
_c1940
650 _aENGLISH LITERATURE
942 _hO13:1:9x1:9, E0;K7 (EO)
_cTEXL
_2CC
999 _c172194
_d172194